000 01762nac a22003137a 4500
003 Co-PeBPM
005 20250519113705.0
008 240727s1997 ck a|||| |||| 00| 0 spa d
020 _a8408061984
040 _aCo-PeBPM
_bspa
_cCo-PeBPM
_erda
082 0 4 _a220.6 D787c
_222
100 1 _aDrosnin, Michael
_eautor
245 1 0 _aEl código secreto de la Biblia
_c/ Michael Drosnin; traducción Andy Ehrenhaus
250 _aPrimera edición
260 _aBarcelona, España
_b: Editorial Planeta,
_c2006
300 _a244 páginas
_c19 centímetros
490 _aDivulgación Enigmas y Misterios
_v3017
500 _aIncluye índice
501 _aIncluye biografía del autor
520 _aEste libro explora uno de los descubrimientos más extraordinarios de la historia de la humanidad: la existencia de un código secreto en los textos bíblicos. El descubrimiento se debe al matemático Eliyahu Rips, y destacados científicos de todo el mundo lo han confirmado. El relato del pasado que hace el código es de una exactitud extraordinaria: el Holocausto, Hiroshima, el asesinato de Kennedy, la llegada del hombre a la Luna... Pero más inquietante que la descripción del pasado es la predicción del futuro. A las puertas del nuevo milenio ¿describe el código un futuro único e inevitable o una serie de futuros posibles en cuyo curso todavía podemos incidir? ¿Va la humanidad hacia su perdición?
650 1 4 _aInterpretación de la Biblia
_2Lemb
650 1 4 _aBiblia - Comentarios
_2Lemb
650 1 4 _aLiteratura apocalíptica
_2Lemb
650 1 4 _aProfecías bíblicas
_2Lemb
700 _aEhrenhaus, Andy
_etraducción
765 _athe Bible Code
942 _2ddc
_cBK
_n0
999 _c59396
_d59396